000 00447pam a2200169 a 4500
020 _a8180616010
_c150.00
041 _aeng
_hNULL
082 _a618.2
_bSAC
100 _aSACHADEVA, R .
245 _aNOTES ON GYNAECOLOGY /
_cNULL.
_hTextual Documents
260 _aNULL :
_bJAYPEE BROTHERS MEDICAL PUB. ,
_c2006.
300 _a308 :
_bviii ;
_cNULL .
365 _a150.00
930 _a1232
999 _c795768
_d795768
650 _aOBST.GYNE